مكتبة جامعة عجلون الوطنية

فهرس بحث المكتبة

Normal view MARC view
  • التامين الاجباري - قوانين وتشريعات

Entry Topical Term

Number of records used in: 1

001 - CONTROL NUMBER

  • control field: 58760

003 - CONTROL NUMBER IDENTIFIER

  • control field: JO-AjAnu

005 - DATE AND TIME OF LATEST TRANSACTION

  • control field: 20230606083620.0

008 - FIXED-LENGTH DATA ELEMENTS

  • fixed length control field: 230606|| aca||aabn | a|a d

040 ## - CATALOGING SOURCE

  • Original cataloging agency: JO-AjAnu
  • Transcribing agency: JO-AjAnu

150 ## - HEADING--TOPICAL TERM

  • Topical term or geographic name entry element: التامين الاجباري - قوانين وتشريعات

670 ## - SOURCE DATA FOUND

  • Source citation: Work cat.: (JO-AjAnu)29973: اعداد العمايرة، وصفي احمد رشيد؛ اشراف منتصر احمد مفلح القضاة, author 58759, النطاق القانوني لعقد التامين الالزامي للمركبات( دراسة مقارنة) =( A comparative study) The legal scope of vehicles compulsory insurance contract